सहज बोलणे हितउपदेश (Record no. 441454)

MARC details
000 -LEADER
fixed length control field 00486nam a2200145Ia 4500
008 - FIXED-LENGTH DATA ELEMENTS--GENERAL INFORMATION
fixed length control field 100122s9999 xx 000 0 und d
082 ## - DEWEY DECIMAL CLASSIFICATION NUMBER
Item number 70601
Classification number 294.5
100 ## - MAIN ENTRY--PERSONAL NAME
Personal name गोखले गो सी
245 ## - TITLE STATEMENT
Title सहज बोलणे हितउपदेश
260 ## - PUBLICATION, DISTRIBUTION, ETC. (IMPRINT)
Name of publisher, distributor, etc चैतन्योपासना
Date of publication, distribution, etc 2006
300 ## - PHYSICAL DESCRIPTION
Extent 199
630 ## - SUBJECT ADDED ENTRY--UNIFORM TITLE
Uniform title सहज बोलणे हितउपदेश
730 ## - ADDED ENTRY--UNIFORM TITLE
Uniform title सहज बोलणे हितउपदेश
942 ## - ADDED ENTRY ELEMENTS (KOHA)
Koha item type Book
Holdings
Withdrawn status Lost status Damaged status Not for loan Home library Current library Date acquired Cost, normal purchase price Total Checkouts Full call number Barcode Date last seen Cost, replacement price Price effective from Koha item type Public note
        S.V. Pathak Library, Vile Parle S.V. Pathak Library, Vile Parle 12/09/2006 60.00   70601 SVPPARLE-70601 01/25/2010 60.00 01/25/2010 Book Compiled NA